[Event "U20 Polish Youth Championship"]
[Site "Ustron"]
[Date "2019.11.27"]
[Round "6"]
[White "Syrkiewicz, Michal"]
[Black "Kania, Dominik"]
[Result "1-0"]
[Board "21"]
[WhiteElo "1928"]
[WhiteCountry "POL"]
[WhiteFideId "21833494"]
[WhiteEloChange "12"]
[BlackElo "1988"]
[BlackCountry "POL"]
[BlackFideId "21845204"]
[BlackEloChange "-12"]

1. Nf3 {[%clk 1:30:30]} d6 {[%clk 1:28:31]} 2. e4 {[%clk 1:30:29]} Nf6 {[%clk
1:28:26]} 3. Nc3 {[%clk 1:30:43]} e5 {[%clk 1:28:45]} 4. d4 {[%clk 1:30:38]} Nbd7
{[%clk 1:28:19]} 5. Be2 {[%clk 1:30:47]} Be7 {[%clk 1:28:39]} 6. g4 {[%clk
1:30:01]} h6 {[%clk 1:22:20]} 7. Rg1 {[%clk 1:29:29]} c6 {[%clk 1:21:08]} 8. Be3
{[%clk 1:28:38]} b5 {[%clk 1:19:31]} 9. a3 {[%clk 1:27:05]} Bb7 {[%clk 1:19:45]}
10. g5 {[%clk 1:24:42]} hxg5 {[%clk 1:17:47]} 11. Nxg5 {[%clk 1:24:36]} Qc7
{[%clk 1:10:00]} 12. Qb1 {[%clk 1:22:17]} a6 {[%clk 1:02:42]} 13. Qa2 {[%clk
1:14:17]} Rf8 {[%clk 1:03:07]} 14. Nf3 {[%clk 1:08:00]} g6 {[%clk 1:02:45]} 15.
dxe5 {[%clk 1:05:30]} dxe5 {[%clk 1:01:48]} 16. Bh6 {[%clk 1:03:52]} c5 {[%clk
0:49:20]} 17. Bxf8 {[%clk 1:01:26]} Bxf8 {[%clk 0:49:39]} 18. Ng5 {[%clk
0:59:47]} c4 {[%clk 0:49:54]} 19. a4 {[%clk 0:43:48]} Qb6 {[%clk 0:45:09]} 20.
Rd1 {[%clk 0:36:13]} Bc5 {[%clk 0:44:01]} 21. Rg2 {[%clk 0:34:45]} Bd4 {[%clk
0:42:06]} 22. Bf3 {[%clk 0:31:53]} Qa5 {[%clk 0:37:37]} 23. Kf1 {[%clk 0:27:03]}
Qb4 {[%clk 0:31:38]} 24. Nd5 {[%clk 0:25:28]} Nxd5 {[%clk 0:30:08]} 25. exd5
{[%clk 0:25:48]} Bxb2 {[%clk 0:27:37]} 26. Rb1 {[%clk 0:25:47]} c3 {[%clk
0:27:56]} 27. d6 {[%clk 0:23:20]} O-O-O {[%clk 0:26:01]} 28. Bxb7+ {[%clk
0:22:37]} Kxb7 {[%clk 0:26:26]} 29. Qd5+ {[%clk 0:22:00]} Ka7 {[%clk 0:24:56]}
30. Nxf7 {[%clk 0:20:51]} Rc8 {[%clk 0:19:31]} 31. axb5 {[%clk 0:19:37]} Nb6
{[%clk 0:17:24]} 32. Qe6 {[%clk 0:17:40]} Qxb5+ {[%clk 0:17:12]} 33. Kg1 {[%clk
0:17:38]} a5 {[%clk 0:13:36]} 34. Qxe5 {[%clk 0:17:37]} Qxe5 {[%clk 0:11:45]} 35.
Nxe5 {[%clk 0:18:02]} a4 {[%clk 0:12:09]} 36. d7 {[%clk 0:18:11]} Nxd7 {[%clk
0:12:08]} 37. Nxd7 {[%clk 0:18:30]} a3 {[%clk 0:12:08]} 38. Rg4 {[%clk 0:17:52]}
Rd8 {[%clk 0:10:22]} 39. Ra4+ {[%clk 0:17:40]} Kb7 {[%clk 0:10:22]} 40. Nc5+
{[%clk 0:18:05]} Kc6 {[%clk 0:10:47]} 41. Nb3 {[%clk 0:16:35]} Kb5 {[%clk
0:10:56]} 42. Ra5+ {[%clk 0:16:02]} Kb4 {[%clk 0:11:15]} 43. Re1 {[%clk 0:15:51]}
1-0

[Event "U20 Polish Youth Championship"]
[Site "Ustron"]
[Date "2019.11.27"]
[Round "6"]
[White "Karwacki, Piotr"]
[Black "Starosciak, Szymon"]
[Result "0-1"]
[Board "22"]
[WhiteElo "1952"]
[WhiteCountry "POL"]
[WhiteFideId "21852200"]
[WhiteEloChange "-16"]
[BlackElo "1714"]
[BlackCountry "POL"]
[BlackFideId "21895848"]
[BlackEloChange "16"]

1. d4 {[%clk 1:30:57]} d5 {[%clk 1:29:37]} 2. Nc3 {[%clk 1:31:15]} Nf6 {[%clk
1:29:12]} 3. Bf4 {[%clk 1:31:33]} c6 {[%clk 1:28:22]} 4. Qd3 {[%clk 1:31:59]} g6
{[%clk 1:18:12]} 5. f3 {[%clk 1:32:25]} Bg7 {[%clk 1:15:48]} 6. e4 {[%clk
1:32:08]} O-O {[%clk 1:08:02]} 7. Be2 {[%clk 1:25:54]} Nbd7 {[%clk 1:03:01]} 8.
h4 {[%clk 1:12:09]} Nh5 {[%clk 0:57:21]} 9. Bh2 {[%clk 1:03:09]} e5 {[%clk
0:54:39]} 10. f4 {[%clk 0:57:47]} exd4 {[%clk 0:49:49]} 11. Nd1 {[%clk 0:55:54]}
dxe4 {[%clk 0:47:59]} 12. Qxe4 {[%clk 0:55:41]} Qa5+ {[%clk 0:34:13]} 13. Kf1
{[%clk 0:51:21]} Nc5 {[%clk 0:32:22]} 14. Qf3 {[%clk 0:46:43]} Bf5 {[%clk
0:25:29]} 15. Nf2 {[%clk 0:38:26]} Bxc2 {[%clk 0:21:08]} 16. Bc4 {[%clk 0:32:59]}
b5 {[%clk 0:16:46]} 17. g4 {[%clk 0:31:51]} bxc4 {[%clk 0:14:43]} 18. gxh5 {[%clk
0:32:17]} Nb3 {[%clk 0:14:23]} 19. axb3 {[%clk 0:32:42]} Qxa1+ {[%clk 0:14:47]}
20. Kg2 {[%clk 0:33:05]} Bxb3 {[%clk 0:14:03]} 21. hxg6 {[%clk 0:33:26]} c3
{[%clk 0:11:10]} 22. gxh7+ {[%clk 0:33:43]} Kh8 {[%clk 0:11:33]} 23. bxc3 {[%clk
0:34:08]} Bd5 {[%clk 0:11:48]} 24. Ne4 {[%clk 0:34:31]} f5 {[%clk 0:11:39]} 0-1

[Event "U20 Polish Youth Championship"]
[Site "Ustron"]
[Date "2019.11.27"]
[Round "6"]
[White "Janeczko, Jakub"]
[Black "Koloczek, Maciej"]
[Result "0-1"]
[Board "23"]
[WhiteElo "1839"]
[WhiteCountry "POL"]
[WhiteFideId "21871655"]
[WhiteEloChange "-7"]
[BlackElo "1947"]
[BlackCountry "POL"]
[BlackFideId "1198785"]
[BlackEloChange "7"]

1. d4 {[%clk 1:30:54]} Nf6 {[%clk 1:30:29]} 2. Bf4 {[%clk 1:31:18]} g6 {[%clk
1:30:52]} 3. Nc3 {[%clk 1:31:43]} d5 {[%clk 1:28:40]} 4. e3 {[%clk 1:32:05]} Bg7
{[%clk 1:27:21]} 5. h4 {[%clk 1:32:25]} c6 {[%clk 1:22:27]} 6. Be2 {[%clk
1:32:01]} h5 {[%clk 1:20:50]} 7. Nf3 {[%clk 1:30:22]} Nbd7 {[%clk 1:20:26]} 8.
Qd2 {[%clk 1:25:52]} Ng4 {[%clk 1:12:41]} 9. Bg3 {[%clk 1:19:09]} e5 {[%clk
1:06:25]} 10. O-O-O {[%clk 1:18:37]} O-O {[%clk 1:04:25]} 11. Nxe5 {[%clk
1:15:00]} Ngxe5 {[%clk 1:03:33]} 12. dxe5 {[%clk 1:15:25]} Nxe5 {[%clk 1:03:30]}
13. e4 {[%clk 1:11:15]} d4 {[%clk 0:48:32]} 14. Qxd4 {[%clk 1:10:45]} Qe7 {[%clk
0:47:44]} 15. Qd6 {[%clk 1:06:07]} Qxd6 {[%clk 0:43:09]} 16. Rxd6 {[%clk
1:06:36]} Be6 {[%clk 0:43:16]} 17. Rhd1 {[%clk 1:03:47]} Rfe8 {[%clk 0:42:34]}
18. Kb1 {[%clk 0:56:17]} Kf8 {[%clk 0:39:30]} 19. Na4 {[%clk 0:49:01]} Ke7 {[%clk
0:39:03]} 20. Nc5 {[%clk 0:46:41]} Bc8 {[%clk 0:39:02]} 21. f4 {[%clk 0:35:08]}
Ng4 {[%clk 0:39:02]} 22. Bxg4 {[%clk 0:30:29]} Bxg4 {[%clk 0:39:03]} 23. R1d2
{[%clk 0:29:00]} Bc8 {[%clk 0:38:55]} 24. Bf2 {[%clk 0:25:17]} f6 {[%clk
0:37:56]} 25. e5 {[%clk 0:19:13]} fxe5 {[%clk 0:36:41]} 26. Rxg6 {[%clk 0:18:20]}
Kf7 {[%clk 0:34:48]} 27. Rg5 {[%clk 0:18:40]} e4 {[%clk 0:31:24]} 28. Be3 {[%clk
0:16:07]} Bf6 {[%clk 0:31:03]} 29. Rd6 {[%clk 0:11:00]} Bxg5 {[%clk 0:30:26]} 30.
hxg5 {[%clk 0:11:28]} b6 {[%clk 0:30:23]} 31. Rf6+ {[%clk 0:06:34]} Kg7 {[%clk
0:29:00]} 32. Nb3 {[%clk 0:07:01]} Re6 {[%clk 0:27:59]} 33. Rxe6 {[%clk 0:05:46]}
Bxe6 {[%clk 0:28:23]} 34. Nd4 {[%clk 0:06:13]} Bd7 {[%clk 0:28:13]} 35. Kc1
{[%clk 0:05:39]} c5 {[%clk 0:28:29]} 36. Ne2 {[%clk 0:06:08]} Kg6 {[%clk
0:28:30]} 37. Ng3 {[%clk 0:06:04]} Re8 {[%clk 0:28:20]} 38. Kd2 {[%clk 0:06:18]}
h4 {[%clk 0:28:13]} 39. Nf1 {[%clk 0:06:35]} Bb5 {[%clk 0:27:50]} 40. Nh2 {[%clk
0:36:51]} Kf5 {[%clk 0:57:44]} 41. a3 {[%clk 0:37:08]} Rd8+ {[%clk 0:56:02]} 42.
Ke1 {[%clk 0:37:37]} Ba4 {[%clk 0:56:07]} 43. b3 {[%clk 0:37:58]} Bb5 {[%clk
0:56:34]} 44. Bd2 {[%clk 0:37:24]} a5 {[%clk 0:55:54]} 45. c4 {[%clk 0:36:47]}
Bc6 {[%clk 0:55:46]} 46. Nf1 {[%clk 0:37:17]} Rd3 {[%clk 0:55:12]} 47. Ne3+
{[%clk 0:37:32]} Kxf4 {[%clk 0:53:20]} 48. g6 {[%clk 0:37:04]} Be8 {[%clk
0:51:51]} 49. g7 {[%clk 0:35:58]} Bf7 {[%clk 0:50:46]} 50. Nd5+ {[%clk 0:36:08]}
Kg3 {[%clk 0:50:35]} 51. Nf6 {[%clk 0:36:01]} Kxg2 {[%clk 0:50:24]} 52. Nxe4
{[%clk 0:35:34]} h3 {[%clk 0:50:39]} 53. Ng5 {[%clk 0:35:52]} h2 {[%clk 0:49:40]}
0-1

[Event "U20 Polish Youth Championship"]
[Site "Ustron"]
[Date "2019.11.28"]
[Round "7"]
[White "Mis, Mieszko"]
[Black "Zylka, Stanislaw"]
[Result "1/2-1/2"]
[Board "1"]
[WhiteElo "2328"]
[WhiteTitle "FM"]
[WhiteCountry "POL"]
[WhiteFideId "1196448"]
[BlackElo "2333"]
[BlackTitle "FM"]
[BlackCountry "POL"]
[BlackFideId "1189654"]

1. Nf3 {[%clk 1:30:52]} Nf6 {[%clk 1:30:39]} 2. c4 {[%clk 1:31:03]} g6 {[%clk
1:30:53]} 3. Nc3 {[%clk 1:31:05]} d5 {[%clk 1:31:07]} 4. cxd5 {[%clk 1:31:29]}
Nxd5 {[%clk 1:31:29]} 5. e4 {[%clk 1:31:54]} Nxc3 {[%clk 1:31:52]} 6. bxc3 {[%clk
1:32:22]} Bg7 {[%clk 1:32:09]} 7. h4 {[%clk 1:32:49]} h6 {[%clk 1:30:29]} 8. d4
{[%clk 1:31:51]} c5 {[%clk 1:30:48]} 9. Be3 {[%clk 1:30:29]} Qa5 {[%clk 1:30:33]}
10. Qd2 {[%clk 1:28:39]} Nc6 {[%clk 1:30:52]} 11. Rc1 {[%clk 1:26:42]} cxd4
{[%clk 1:31:06]} 12. cxd4 {[%clk 1:26:35]} Qxd2+ {[%clk 1:31:26]} 13. Kxd2 {[%clk
1:26:54]} O-O {[%clk 1:31:21]} 14. d5 {[%clk 1:08:36]} Rd8 {[%clk 1:31:30]} 15.
Ke1 {[%clk 1:06:48]} Na5 {[%clk 1:30:19]} 16. Bd2 {[%clk 0:56:32]} b6 {[%clk
1:30:30]} 17. Bb4 {[%clk 0:56:25]} Bd7 {[%clk 1:11:55]} 18. Ba6 {[%clk 0:51:09]}
e6 {[%clk 1:04:20]} 19. d6 {[%clk 0:43:23]} Nc6 {[%clk 1:03:30]} 20. Ba3 {[%clk
0:42:37]} Rab8 {[%clk 1:03:20]} 21. Ke2 {[%clk 0:37:12]} g5 {[%clk 0:51:51]} 22.
hxg5 {[%clk 0:32:24]} hxg5 {[%clk 0:52:12]} 23. Nxg5 {[%clk 0:21:43]} Nd4+ {[%clk
0:49:58]} 24. Ke3 {[%clk 0:22:03]} Bb5 {[%clk 0:46:33]} 25. Rc7 {[%clk 0:20:29]}
Bxa6 {[%clk 0:45:27]} 26. Nxf7 {[%clk 0:19:46]} Nc2+ {[%clk 0:42:10]} 27. Kd2
{[%clk 0:04:38]} Nxa3 {[%clk 0:42:17]} 28. Rh8+ {[%clk 0:05:01]} Bxh8 {[%clk
0:42:22]} 29. Nh6+ {[%clk 0:05:30]} Kf8 {[%clk 0:42:13]} 30. Rf7+ {[%clk
0:05:57]} Ke8 {[%clk 0:42:28]} 31. Re7+ {[%clk 0:06:24]} Kf8 {[%clk 0:42:50]} 32.
Rf7+ {[%clk 0:06:39]} Ke8 {[%clk 0:43:04]} 1/2-1/2

[Event "U20 Polish Youth Championship"]
[Site "Ustron"]
[Date "2019.11.28"]
[Round "7"]
[White "Fus, Jakub"]
[Black "Tomczak, Mikolaj"]
[Result "1/2-1/2"]
[Board "2"]
[WhiteElo "2363"]
[WhiteTitle "FM"]
[WhiteCountry "POL"]
[WhiteFideId "1193023"]
[WhiteEloChange "2"]
[BlackElo "2437"]
[BlackTitle "FM"]
[BlackCountry "POL"]
[BlackFideId "1175114"]
[BlackEloChange "-1"]

1. d4 {[%clk 1:30:54]} d5 {[%clk 1:30:55]} 2. c4 {[%clk 1:31:05]} e6 {[%clk
1:31:13]} 3. Nf3 {[%clk 1:31:00]} Nf6 {[%clk 1:31:37]} 4. Nc3 {[%clk 1:31:14]}
Be7 {[%clk 1:31:57]} 5. g3 {[%clk 1:31:30]} O-O {[%clk 1:31:32]} 6. Bg2 {[%clk
1:31:39]} dxc4 {[%clk 1:31:10]} 7. Ne5 {[%clk 1:31:44]} c5 {[%clk 1:29:27]} 8.
dxc5 {[%clk 1:31:43]} Qxd1+ {[%clk 1:29:20]} 9. Nxd1 {[%clk 1:32:04]} Bxc5 {[%clk
1:29:33]} 10. O-O {[%clk 1:32:11]} Nc6 {[%clk 1:25:01]} 11. Bxc6 {[%clk 1:32:22]}
bxc6 {[%clk 1:25:17]} 12. Be3 {[%clk 1:32:43]} Bd6 {[%clk 1:23:45]} 13. Nxc4
{[%clk 1:32:27]} Be7 {[%clk 1:23:35]} 14. Rc1 {[%clk 1:20:54]} Ba6 {[%clk
1:19:16]} 15. b3 {[%clk 1:15:18]} Nd5 {[%clk 1:17:33]} 16. Bd2 {[%clk 0:59:08]}
c5 {[%clk 1:17:02]} 17. Nc3 {[%clk 0:57:48]} Nb6 {[%clk 1:08:29]} 18. Nxb6 {[%clk
0:47:47]} axb6 {[%clk 1:08:53]} 19. a4 {[%clk 0:48:10]} f6 {[%clk 0:59:09]} 20.
Rfd1 {[%clk 0:46:38]} Rfd8 {[%clk 0:58:26]} 21. Kf1 {[%clk 0:40:19]} Kf7 {[%clk
0:53:54]} 22. Be3 {[%clk 0:36:56]} Bb7 {[%clk 0:53:25]} 23. Nb5 {[%clk 0:31:22]}
Bd5 {[%clk 0:36:35]} 24. Rd3 {[%clk 0:31:03]} Bc6 {[%clk 0:33:10]} 25. Rxd8
{[%clk 0:29:39]} Rxd8 {[%clk 0:33:28]} 26. Na3 {[%clk 0:29:16]} Bd5 {[%clk
0:33:02]} 27. Rb1 {[%clk 0:21:14]} e5 {[%clk 0:31:19]} 28. Ke1 {[%clk 0:18:54]}
Ke6 {[%clk 0:30:46]} 29. Nc4 {[%clk 0:16:47]} Rb8 {[%clk 0:31:04]} 30. Kd2 {[%clk
0:16:50]} g5 {[%clk 0:26:07]} 31. f3 {[%clk 0:09:57]} f5 {[%clk 0:25:12]} 32. Bf2
{[%clk 0:10:06]} h5 {[%clk 0:20:51]} 33. e4 {[%clk 0:07:36]} fxe4 {[%clk
0:21:16]} 34. fxe4 {[%clk 0:08:02]} Bc6 {[%clk 0:21:18]} 35. Re1 {[%clk 0:05:49]}
Rf8 {[%clk 0:17:48]} 36. Be3 {[%clk 0:04:10]} Bd8 {[%clk 0:17:31]} 37. a5 {[%clk
0:03:13]} bxa5 {[%clk 0:16:28]} 38. Bxc5 {[%clk 0:03:39]} Rf3 {[%clk 0:16:14]}
39. Kc2 {[%clk 0:01:39]} a4 {[%clk 0:10:21]} 40. Nd2 {[%clk 0:31:01]} axb3+
{[%clk 0:38:37]} 41. Kb2 {[%clk 0:31:08]} Rd3 {[%clk 0:35:50]} 42. Nxb3 {[%clk
0:30:49]} h4 {[%clk 0:34:53]} 43. Be3 {[%clk 0:18:18]} Be7 {[%clk 0:33:39]} 44.
Bxg5 {[%clk 0:07:30]} Rxb3+ {[%clk 0:33:56]} 45. Kxb3 {[%clk 0:07:56]} Bxg5
{[%clk 0:34:21]} 46. Kc4 {[%clk 0:07:22]} h3 {[%clk 0:32:06]} 47. Re2 {[%clk
0:07:23]} Bh6 {[%clk 0:24:43]} 48. Kc5 {[%clk 0:07:16]} Be8 {[%clk 0:24:05]} 49.
Kc4 {[%clk 0:06:36]} Kd6 {[%clk 0:16:52]} 50. Re1 {[%clk 0:05:21]} Bd7 {[%clk
0:14:17]} 51. Rd1+ {[%clk 0:05:26]} Ke6 {[%clk 0:14:24]} 52. Re1 {[%clk 0:05:10]}
Bc8 {[%clk 0:14:35]} 53. Kb5 {[%clk 0:04:24]} Bd2 {[%clk 0:14:15]} 54. Re2 {[%clk
0:04:44]} Bc3 {[%clk 0:14:30]} 55. Rc2 {[%clk 0:03:50]} Bd7+ {[%clk 0:14:56]} 56.
Kc4 {[%clk 0:04:16]} Bd4 {[%clk 0:15:07]} 57. Rc1 {[%clk 0:03:20]} Bc6 {[%clk
0:13:55]} 58. Kd3 {[%clk 0:03:42]} Bb5+ {[%clk 0:14:11]} 59. Kd2 {[%clk 0:04:08]}
Kf6 {[%clk 0:13:27]} 60. Rc8 {[%clk 0:04:24]} Kg7 {[%clk 0:12:44]} 61. Rc7+
{[%clk 0:04:42]} Kg6 {[%clk 0:12:56]} 62. Rc8 {[%clk 0:05:08]} Bf1 {[%clk
0:12:16]} 63. Rh8 {[%clk 0:05:25]} Bg2 {[%clk 0:09:16]} 64. Rh4 {[%clk 0:05:40]}
Bc5 {[%clk 0:08:31]} 65. Rg4+ {[%clk 0:05:06]} Kf7 {[%clk 0:07:50]} 66. Ke2
{[%clk 0:01:59]} Be7 {[%clk 0:07:11]} 67. Kf2 {[%clk 0:02:26]} Bc5+ {[%clk
0:06:46]} 68. Ke2 {[%clk 0:02:52]} Bg1 {[%clk 0:06:43]} 69. Rh4 {[%clk 0:03:07]}
Ke7 {[%clk 0:06:40]} 70. Rh7+ {[%clk 0:00:46]} Kd6 {[%clk 0:06:29]} 71. Rh5
{[%clk 0:01:14]} Bd4 {[%clk 0:06:00]} 72. Rh6+ {[%clk 0:01:30]} Kd7 {[%clk
0:05:36]} 73. Rh7+ {[%clk 0:01:51]} Kd6 {[%clk 0:04:42]} 74. Rh6+ {[%clk
0:02:17]} Kc5 {[%clk 0:03:52]} 75. g4 {[%clk 0:02:42]} Bxe4 {[%clk 0:04:09]} 76.
Rxh3 {[%clk 0:03:08]} Kd5 {[%clk 0:03:35]} 77. Ra3 {[%clk 0:03:11]} Bc5 {[%clk
0:03:05]} 78. Ra8 {[%clk 0:03:27]} Be7 {[%clk 0:02:52]} 79. Ra7 {[%clk 0:02:30]}
Kd6 {[%clk 0:02:48]} 80. Ra3 {[%clk 0:01:27]} Bd5 {[%clk 0:02:08]} 81. Ra6+
{[%clk 0:01:20]} Bc6 {[%clk 0:02:24]} 82. Ra5 {[%clk 0:01:48]} Ke6 {[%clk
0:01:55]} 83. Kf2 {[%clk 0:01:50]} Bh4+ {[%clk 0:02:13]} 84. Ke3 {[%clk 0:02:18]}
Bg5+ {[%clk 0:02:00]} 85. Kf2 {[%clk 0:02:44]} Kd6 {[%clk 0:01:03]} 86. Ke2
{[%clk 0:02:01]} Bd5 {[%clk 0:01:17]} 87. Ra6+ {[%clk 0:02:20]} Kc5 {[%clk
0:01:31]} 88. Rg6 {[%clk 0:02:44]} Bf4 {[%clk 0:01:39]} 89. h4 {[%clk 0:03:03]}
e4 {[%clk 0:01:53]} 90. Rg7 {[%clk 0:02:19]} Bc4+ {[%clk 0:01:52]} 91. Kf2 {[%clk
0:02:47]} Kd6 {[%clk 0:01:34]} 92. Ra7 {[%clk 0:02:25]} e3+ {[%clk 0:01:15]} 93.
Kf3 {[%clk 0:02:51]} e2 {[%clk 0:00:57]} 94. Ra1 {[%clk 0:03:18]} Bd2 {[%clk
0:01:09]} 95. Kf2 {[%clk 0:03:45]} Ke5 {[%clk 0:01:17]} 96. g5 {[%clk 0:03:53]}
Kf5 {[%clk 0:01:19]} 97. Rh1 {[%clk 0:03:19]} Kf4 {[%clk 0:00:45]} 98. g6 {[%clk
0:03:01]} Bc3 {[%clk 0:00:38]} 99. h5 {[%clk 0:02:49]} Bd4+ {[%clk 0:00:41]} 100.
Ke1 {[%clk 0:03:16]} Kf3 {[%clk 0:00:39]} 101. Kd2 {[%clk 0:02:02]} Kg2 {[%clk
0:00:51]} 102. Rb1 {[%clk 0:01:33]} Kf2 {[%clk 0:00:54]} 103. h6 {[%clk 0:01:59]}
Ba2 {[%clk 0:00:51]} 104. Rh1 {[%clk 0:01:44]} Be3+ {[%clk 0:00:58]} 105. Kd3
{[%clk 0:02:11]} Bxh6 {[%clk 0:00:39]} 106. Rh2+ {[%clk 0:02:37]} Kf3 {[%clk
0:00:42]} 107. Rxe2 {[%clk 0:02:53]} Bb1+ {[%clk 0:01:05]} 108. Rc2 {[%clk
0:03:18]} 1/2-1/2

[Event "U20 Polish Youth Championship"]
[Site "Ustron"]
[Date "2019.11.28"]
[Round "7"]
[White "Pacan-Milej, Kosma"]
[Black "Chylewski, Patryk"]
[Result "1/2-1/2"]
[Board "3"]
[WhiteElo "2315"]
[WhiteTitle "FM"]
[WhiteCountry "POL"]
[WhiteFideId "21800537"]
[WhiteEloChange "1"]
[BlackElo "2348"]
[BlackTitle "FM"]
[BlackCountry "POL"]
[BlackFideId "1186191"]
[BlackEloChange "-1"]

1. Nf3 {[%clk 1:30:57]} Nf6 {[%clk 1:30:47]} 2. c4 {[%clk 1:31:21]} e6 {[%clk
1:30:33]} 3. g3 {[%clk 1:31:41]} b6 {[%clk 1:30:56]} 4. Bg2 {[%clk 1:32:03]} Bb7
{[%clk 1:31:21]} 5. d4 {[%clk 1:32:20]} Be7 {[%clk 1:31:45]} 6. O-O {[%clk
1:32:34]} O-O {[%clk 1:32:09]} 7. Re1 {[%clk 1:32:59]} Na6 {[%clk 1:32:34]} 8.
Nc3 {[%clk 1:33:11]} Ne4 {[%clk 1:32:59]} 9. Bf4 {[%clk 1:33:13]} c5 {[%clk
1:31:34]} 10. d5 {[%clk 1:24:36]} Nxc3 {[%clk 1:28:22]} 11. bxc3 {[%clk 1:25:01]}
Bf6 {[%clk 1:17:59]} 12. Qc2 {[%clk 1:18:29]} exd5 {[%clk 1:16:17]} 13. cxd5
{[%clk 1:18:47]} d6 {[%clk 1:16:33]} 14. Rad1 {[%clk 1:18:00]} b5 {[%clk
1:14:03]} 15. e4 {[%clk 1:16:57]} Re8 {[%clk 1:12:54]} 16. e5 {[%clk 1:10:28]}
dxe5 {[%clk 1:11:17]} 17. Nxe5 {[%clk 1:08:33]} c4 {[%clk 1:03:32]} 18. Nc6
{[%clk 0:51:03]} Rxe1+ {[%clk 0:57:30]} 19. Rxe1 {[%clk 0:50:58]} Qd7 {[%clk
0:57:09]} 20. Na5 {[%clk 0:31:09]} Nc5 {[%clk 0:54:58]} 21. Nxb7 {[%clk 0:31:33]}
Nxb7 {[%clk 0:55:17]} 22. d6 {[%clk 0:24:09]} Rd8 {[%clk 0:51:52]} 23. Bxb7
{[%clk 0:20:59]} Qxb7 {[%clk 0:52:07]} 24. Qf5 {[%clk 0:21:26]} h6 {[%clk
0:51:58]} 25. Rb1 {[%clk 0:15:23]} a6 {[%clk 0:47:27]} 26. a4 {[%clk 0:15:35]}
Qd7 {[%clk 0:46:31]} 27. Qxd7 {[%clk 0:12:54]} Rxd7 {[%clk 0:46:55]} 28. axb5
{[%clk 0:13:22]} axb5 {[%clk 0:47:19]} 29. Rxb5 {[%clk 0:13:48]} Bxc3 {[%clk
0:47:35]} 30. Rc5 {[%clk 0:05:16]} g5 {[%clk 0:47:27]} 31. Rxc4 {[%clk 0:05:38]}
Bf6 {[%clk 0:47:46]} 32. Be3 {[%clk 0:05:08]} 1/2-1/2

[Event "U20 Polish Youth Championship"]
[Site "Ustron"]
[Date "2019.11.28"]
[Round "7"]
[White "Koziol, Kamil"]
[Black "Teclaf, Pawel"]
[Result "0-1"]
[Board "4"]
[WhiteElo "2289"]
[WhiteTitle "FM"]
[WhiteCountry "POL"]
[WhiteFideId "1161555"]
[WhiteEloChange "-6"]
[BlackElo "2427"]
[BlackTitle "IM"]
[BlackCountry "POL"]
[BlackFideId "1185934"]
[BlackEloChange "3"]

1. d4 {[%clk 1:25:59]} e6 {[%clk 1:29:37]} 2. c4 {[%clk 1:26:03]} b6 {[%clk
1:30:03]} 3. e4 {[%clk 1:25:20]} Bb7 {[%clk 1:30:23]} 4. Bd3 {[%clk 1:24:54]} Nc6
{[%clk 1:27:57]} 5. Ne2 {[%clk 1:24:21]} g6 {[%clk 1:27:47]} 6. O-O {[%clk
1:18:23]} Bg7 {[%clk 1:27:07]} 7. d5 {[%clk 1:12:13]} Ne5 {[%clk 1:18:31]} 8. f4
{[%clk 1:08:00]} Nxd3 {[%clk 1:04:43]} 9. Qxd3 {[%clk 1:08:16]} Ne7 {[%clk
0:54:23]} 10. Nbc3 {[%clk 0:59:57]} Ba6 {[%clk 0:52:54]} 11. Be3 {[%clk 0:44:04]}
exd5 {[%clk 0:51:15]} 12. exd5 {[%clk 0:43:02]} Nf5 {[%clk 0:50:59]} 13. Nd4
{[%clk 0:41:40]} Nxe3 {[%clk 0:46:31]} 14. Rae1 {[%clk 0:40:49]} O-O {[%clk
0:43:07]} 15. Rxe3 {[%clk 0:41:13]} Qf6 {[%clk 0:40:00]} 16. Nde2 {[%clk
0:31:16]} Rae8 {[%clk 0:34:28]} 17. b3 {[%clk 0:26:26]} c6 {[%clk 0:23:38]} 18.
a4 {[%clk 0:20:15]} Qd6 {[%clk 0:21:45]} 19. dxc6 {[%clk 0:07:58]} Qc5 {[%clk
0:16:54]} 20. Ne4 {[%clk 0:06:45]} Qxc6 {[%clk 0:17:00]} 21. Nd4 {[%clk 0:01:43]}
Qc7 {[%clk 0:15:29]} 22. Nb5 {[%clk 0:01:15]} Bxb5 {[%clk 0:15:09]} 23. axb5
{[%clk 0:01:43]} f5 {[%clk 0:15:30]} 24. Nf2 {[%clk 0:00:52]} Qxf4 {[%clk
0:13:08]} 25. Rxe8 {[%clk 0:01:18]} Rxe8 {[%clk 0:13:36]} 26. Qxd7 {[%clk
0:01:39]} Qe3 {[%clk 0:14:02]} 27. g3 {[%clk 0:01:10]} Bd4 {[%clk 0:13:17]} 28.
Kg2 {[%clk 0:00:57]} Re7 {[%clk 0:12:45]} 29. Qd5+ {[%clk 0:00:56]} Kg7 {[%clk
0:13:14]} 30. b4 {[%clk 0:00:42]} Qd2 {[%clk 0:09:13]} 31. Qd6 {[%clk 0:00:37]}
Re2 {[%clk 0:09:16]} 32. Qc7+ {[%clk 0:00:25]} Kh6 {[%clk 0:09:20]} 33. Qf4+
{[%clk 0:00:57]} Qxf4 {[%clk 0:09:03]} 34. gxf4 {[%clk 0:01:25]} Rb2 {[%clk
0:09:01]} 35. Kf3 {[%clk 0:00:48]} Rxb4 {[%clk 0:09:13]} 36. Ke2 {[%clk 0:00:34]}
Rb2+ {[%clk 0:09:26]} 37. Kf3 {[%clk 0:01:00]} Rxf2+ {[%clk 0:08:37]} 38. Rxf2
{[%clk 0:01:28]} Bxf2 {[%clk 0:09:02]} 39. Kxf2 {[%clk 0:01:54]} g5 {[%clk
0:09:25]} 40. Ke3 {[%clk 0:32:04]} Kh5 {[%clk 0:39:12]} 41. Kf3 {[%clk 0:30:02]}
Kh4 {[%clk 0:39:23]} 42. fxg5 {[%clk 0:30:24]} Kxg5 {[%clk 0:39:48]} 43. Kg3
{[%clk 0:30:48]} f4+ {[%clk 0:39:53]} 44. Kf3 {[%clk 0:31:14]} Kf5 {[%clk
0:40:18]} 45. h4 {[%clk 0:31:40]} h5 {[%clk 0:40:43]} 0-1